000
00198 a2200097 4500
020
_a
059063917x
041
_a
eng
100
_a
Barbara Park
245
_a
Junie B.Jones is a party animal
942
_c
BK
999
_c
28906
_d
28906